The English verb Form and meaning

שמור ב:
מידע ביבליוגרפי
מחבר ראשי: Martin Joos
פורמט: ספר
שפה:Undetermined
יצא לאור: Milwaukee The Univ. of Wisconsin 1964
נושאים:
תגים: הוספת תג
אין תגיות, היה/י הראשונ/ה לתייג את הרשומה!
Thư viện lưu trữ: Trung tâm Học liệu Trường Đại học Cần Thơ
LEADER 00498nam a2200193Ia 4500
001 CTU_268
008 210402s9999 xx 000 0 und d
082 |a 425 
082 |b J81 
100 |a Martin Joos 
245 4 |a The English verb 
245 0 |b Form and meaning 
245 0 |c Martin Joos 
260 |a Milwaukee 
260 |b The Univ. of Wisconsin 
260 |c 1964 
650 |a english language - verb 
904 |i Minh,960720 
980 |a Trung tâm Học liệu Trường Đại học Cần Thơ